000 00928cam a2200241 a 4500
999 _c58266
_d58266
001 15206481
005 20211018123040.0
008 080305s2007 caua 001 0 eng d
010 _a 2008297415
020 _a9781403144157
020 _a140314415X
041 _aeng
080 _a299.93 H-88
100 1 _aHubbard, L. Ron
_q
_d
_912506
245 1 0 _aScientology 8-80 :
_bthe discovery and increase of life energy in the genus Homo sapiens /
_cL. Ron Hubbard.
264 _aLos Angeles:
_bBridge Publications,
_c2007.
300 _a199 p. :
_bill. ;
_c25 cm.
440 _aa Scientology Publication
_912670
650 0 _aScientology.
_912671
653 _aჰომო საპიენსის გვარში სიცოცხლის ენერგიის აღმოჩენა და გაზრდა
653 _athe discovery and increase of life energy in the genus Homo sapiens
942 _cBK